Beste Nationen im Mannschaftssport. - Statistiken

Allgemein
  • Dieses Quiz wurde 839 mal gespielt
  • Das Durchschnittsergebnis liegt bei 15 aus 20
Antwortstatistiken
Fußball Rugby Basketball Handball Volleyball Nationen Durchschnitt % Korrekt
12 31 11 2 14 Deutschland 14
100%
15 18 1 36 6 Vereinigte Staaten 15,2
99%
3 2 4 3 4 Frankreich 3,2
95%
7 15 2 6 43 Spanien 14,6
94%
1 28 14 24 2 Brasilien 13,8
93%
6 14 10 50 5 Italien 17
88%
4 8 7 25 7 Argentinien 10,2
87%
36 25 15 5 3 Russland 16,8
84%
23 10 38 21 10 Japan 20,4
79%
42 6 3 35 35 Australien 24,2
78%
18 38 50 1 49 Schweden 31,2
77%
10 26 47 44 15 Niederlande 28,4
76%
8 20 58 33 34 Portugal 30,6
75%
2 27 37 - 29 Belgien 23,75
74%
26 30 13 12 1 Polen 16,4
74%
9 44 24 - 19 Mexiko 24
73%
16 39 21 9 33 Kroatien 23,6
58%
33 37 12 10 24 Tschechien 23,2
52%
25 78 6 7 9 Serbien 25
51%
65 75 5 17 8 Slowenien 34
32%
Keine übereinstimmenden Quizze gefunden
Verteilung der Resultate
Anzahl Personen mit jedem Resultat
Perzentil nach korrekt beantworteten Fragen
Ihre Resultats-Entwicklung
Sie haben dieses Quiz noch nicht gespielt